| 000 | 00768nam a2200193Ia 4500 | ||
|---|---|---|---|
| 003 | GCL | ||
| 008 | 140319s9999 xx 000 0 ara d | ||
| 040 |
_aGCL / _cGCL |
||
| 082 | 0 | 4 |
_a028.5 _bهـ ك |
| 100 | 1 | _aمركز تنمية الكتاب العربى | |
| 245 | 1 | 0 |
_aكتب الاطفال ومجلاتهم فى الدول المتقدمة: القاهرة من 28 يناير ـ 2 فبراير 1984 (هدية من الاديب عبدالفتاح الجمل) / _cمركز تنمية الكتاب العربى |
| 300 | _a293 ص | ||
| 490 |
_aالهيئة العامة للاستعلامات _v0 |
||
| 650 | 0 | 4 | _aادب الاطفال |
| 650 | 0 | 4 | _aكتب الاطفال |
| 650 | 0 | 4 | _aاليونسكو |
| 650 | 0 | 4 | _aالكتب والقراءة |
| 942 |
_2ddc _cBK |
||
| 999 |
_c47068 _d47068 |
||